00801nas a2200265 4500001001300000003000900013005001700022007000300039008003400042040005400076041000900130072000800139100001800147100002100165100002500186100001600211245010200227650001300329650002700342650001200369650002100381650001900402650001900421773009500440BR2011004339BR-BrBNA20231205115045.0ta230509b bl.|||p| |||| 00| 00por d aBR-BrBNAbporcBiblioteca Nacional de Agricultura a(Pt) aF031 aMatheus, M.T.1 aVieira, B. de C.1 aOliveira, S.A. de S.1 aBacelar, M.1 aTolerância à dessecação em sementes de sucupira (Bowdichia virgilioides Kunth.)- Fabaceae aSUCUPIRA aBOWDICHIA VIRGILIOIDES aSEMENTE aDESIDRATAÇÃO aGERMINAÇÃO aTESTE DE VIGOR0 tRevista Caatinga (Brazil)xISSN 0100-316Xg(Oct-Dec 2009), v. 22(4) p. 93-99wBR2011004339